Impuesto a los débitos y créditos bancarios (Registro nro. 20084)
[ vista simple ]
| 000 -LEADER | |
|---|---|
| fixed length control field | 00388 a2200133 4500 |
| 001 - CONTROL NUMBER | |
| control field | ART_42419 |
| 005 - DATE AND TIME OF LATEST TRANSACTION | |
| control field | 20260410161755.0 |
| 008 - FIXED-LENGTH DATA ELEMENTS--GENERAL INFORMATION | |
| fixed length control field | 260409a |
| 100 1# - MAIN ENTRY--PERSONAL NAME | |
| Personal name | Vega, Gerardo E. |
| 245 10 - TITLE STATEMENT | |
| Title | Impuesto a los débitos y créditos bancarios |
| 700 1# - ADDED ENTRY--PERSONAL NAME | |
| Personal name | Vega, Juan Manuel |
| 700 1# - ADDED ENTRY--PERSONAL NAME | |
| Personal name | Vega, María S. |
| 773 0# - HOST ITEM ENTRY | |
| Title | Doctrina tributaria |
| Related parts | - Nº 447 (jun. 2017) |
| Record control number | REV4296 |
No hay ítems disponibles.